000
00283nam a2200121 a 4500
008
101210s1949|||| d
100
1
_a
Isačenko, A.-Petrov, S. M.
245
1
0
_a
A.S.Puškin
260
_b
Tatran
_a
Bratislava
_c
1949
020
_c
40
041
_a
slo
044
_a
xo
_c
SK
999
_c
15126
_d
15126